| Registos Bibliográficos associados ao registo de autoridade |
|
Etiqueta de registo: 00000nkm 2200025 450 001 2278519 003 http://id.bnportugal.gov.pt/bib/catbnp/2278519 100 ## $a20260310f1994 m y0pory01030103ba 101 0# $apor 102 ## $aPT 200 1# $a12ª Feira de Artesanato de Estremoz, 23, abril, a 01 maio$bVisual gráfico]$fRegião de Turismo de Évora... [et al]$gdesign Atelier Adriano Rangel 210 #9 $aÉvora$cRegião de Turismo de Évora,$d[1994] 215 ## $a1 cartaz$ccolor.$d66x48 cm 306 ## $aDatação atribuída em conformidade com o evento apresentado 317 ## $aColeção Madeira Luís 710 02 $aFeira de Artesanato de Estremoz,$d12,$eEstremoz,$f1994$31990232 712 01 $aPortugal.$bRegião de Turismo de Évora$4557$365153 712 02 $aAtelier Adriano Rangel$4410$31990596 801 #0 $aPT$bBN$gRPC 966 ## $lBN$mICONOG$sCT. 23723 A.$x3 971 ## $cCaticonografia9$d20260310 972 ## $d20260310$e1$vfpinelo$z0 995 ## $aPRR2026
|
|
|